Kibice w Mazowieckim - Statystyki

Ogólne statystyki
  • Ten quiz został rozwiązany 115 razy
  • Średni wynik to 4 z 5
Statystyki odpowiedzi
Hint Odpowiedź % Poprawnych
1 Legia Warszawa
100%
2 Radomiak Radom
91%
5 Polonia Warszawa
87%
3 Wisła Płock
82%
4 Pogoń Siedlce
45%
Nie znaleziono quizów pasujących do podanych kryteriów
Rozkład punktacji
Procent ludzi z każdym wynikiem
Percentyl według liczby udzielonych odpowiedzi
Twoja historia wyników
Nie rozwiązałeś tego quizu